00381 a2200109 4500001001000000005001700010008004100027245005200068100002400120773011000144999001700254ART_4976920260410161936.0260409a 10aReflexiones sobre la transición demográfica1 aLuzzetti, Carlos A.0 tAnales de la Academia Nacional de Ciencias Económicasg- Vol. XXVIII, (1983) (ene./dic. 1983)wREV25596 c29077d29077